000
00285nam a22001337a 4500
003
SGT
020
_a
978171328260
082
_a
371.9,GOE
100
_a
GOEL S.K.
245
_a
SPECIAL EDUCATION NEEDS
260
_a
JAIPUR
_b
POINTER PUBLISHARS
_c
2022
300
_a
168
942
_2
ddc
_c
BK
999
_c
34111
_d
34111